| 000 | 01523cam a2200373 a 4500 | ||
|---|---|---|---|
| 001 | EDZ0000020799 | ||
| 003 | StDuBDS | ||
| 005 | 20161031105118.0 | ||
| 006 | m||||||||d|||||||| | ||
| 007 | cr ||||||||||| | ||
| 008 | 110207s2011 cau fo| 001|0|eng|d | ||
| 020 |
_a9781412994217 (ebook) : _cNo price |
||
| 040 |
_aStDuBDS _beng _cStDuBDS _epn |
||
| 049 | _aAlfaisal Main Library | ||
| 050 | 0 |
_aHV1568 _b.D5699 2011 |
|
| 082 | 0 | 4 |
_a362.4 _223 |
| 245 | 0 | 0 |
_aDisability through the life course _h[electronic resource] / _cedited by Tamar Heller, Sarah Parker Harris. |
| 260 |
_aThousand Oaks, Calif. : _bSAGE, _c2011. |
||
| 300 | _a1 online resource (320 p.) | ||
| 520 | 8 | _aWith a balance of history, theory, research and application, specialists set out the findings and implications of research and practice for others whose current or future work involves the care and/or study of those with disabilities, as well as the disabled tehmselves. | |
| 521 | _aSpecialized. | ||
| 588 | _aDescription based on print version record. | ||
| 504 | _aIncludes bibliographical references and index. | ||
| 650 | 0 | _aPeople with disabilities. | |
| 650 | 0 | _aDisabilities. | |
| 655 | 7 |
_aElectronic books. _2local |
|
| 700 | 1 | _aHeller, Tamar. | |
| 700 | 1 | _aHarris, Sarah Parker. | |
| 710 | 2 | _aSage eBooks | |
| 730 | 0 | _aSAGE reference online. | |
| 776 | 0 | 8 |
_iPrint version : _z9781412987677 |
| 856 | 4 | 0 | _uhttp://ezproxy.alfaisal.edu/login?url=http://sk.sagepub.com/reference/disabilitylifecourse |
| 942 |
_2lcc _cEBOOKS |
||
| 999 |
_c479531 _d479531 |
||